skbl

Dr Suryya Kumar Bhuyan Library Web-OPAC
ডঃ সূৰ্য্য
কুমাৰ ভূঞা পুথিভঁৰাল ৱেব-অ'পেক

All Research Scholars are advised to clear the annual library fees to continue using Library Resources, Remote Access, Plagiarism Test and Library Clearance.

Cotton University Book Fair 2026

Biswakosh (Part: 1) / (Record no. 48995)

MARC details
000 -LEADER
fixed length control field 00727nam a2200265Ia 4500
001 - CONTROL NUMBER
control field 49030
005 - DATE AND TIME OF LATEST TRANSACTION
control field 20240114003934.0
007 - PHYSICAL DESCRIPTION FIXED FIELD--GENERAL INFORMATION
fixed length control field ta
008 - FIXED-LENGTH DATA ELEMENTS--GENERAL INFORMATION
fixed length control field 090522s2002 g b000 u Ass u
020 ## - INTERNATIONAL STANDARD BOOK NUMBER
Terms of availability Rs. 1000.00 (Hard)
040 ## - CATALOGING SOURCE
Original cataloging agency Cotton College,Assam
041 ## - LANGUAGE CODE
Language code of text/sound track or separate title Ass
082 ## - DEWEY DECIMAL CLASSIFICATION NUMBER
Classification number 039
Item number Go 699 Bi
100 ## - MAIN ENTRY--PERSONAL NAME
Personal name Goswami, Dinesh Chandra .
245 #0 - TITLE STATEMENT
Title Biswakosh (Part: 1) /
Statement of responsibility, etc. Dinesh Chandra Goswami.
Medium Textual Documents
250 ## - EDITION STATEMENT
Edition statement 1st ed. /
260 ## - PUBLICATION, DISTRIBUTION, ETC.
Place of publication, distribution, etc. Jorhat :
Name of publisher, distributor, etc. Assam Sahitya Sabha ,
Date of publication, distribution, etc. 2002.
300 ## - PHYSICAL DESCRIPTION
Extent 2150p. ;
Dimensions 32 cm..
365 ## - TRADE PRICE
Price type code Rs. 1000.00
653 ## - INDEX TERM--UNCONTROLLED
Uncontrolled term G-Encyclopedias
653 ## - INDEX TERM--UNCONTROLLED
Uncontrolled term Encyclopedia-Asssamese
942 ## - ADDED ENTRY ELEMENTS (KOHA)
Source of classification or shelving scheme Dewey Decimal Classification
Koha item type Books
Holdings
Withdrawn status Lost status Damaged status Not for loan Collection Home library Current library Date acquired Coded location qualifier Cost, normal purchase price Total checkouts Full call number Barcode Date last seen Copy number Price effective from Koha item type
          Dr. Suryya Kumar Bhuyan Library Dr. Suryya Kumar Bhuyan Library 01/02/2012 00000 1000.00   039 Go 699 Bi 92326 14/01/2024 1 01/02/2012 Books

Designed and Maintained by Team SKBL
©1901-2026

Powered by Koha